LEADER 00612nam 2200181z- 450 001 9910557997103321 005 20220512123652.0 035 $a(CKB)5400000000046554 035 $a(EXLCZ)995400000000046554 100 $a20220406c2021uuuu -u- - 101 0 $aeng 200 10$aArven fra skillingsvisene : Fra en sal på hospitalet til en sofa fra IKEA 210 $cSpartacus Forlag AS / Scandinavian Academic Press 517 $aArven fra skillingsvisene 906 $aBOOK 912 $a9910557997103321 996 $aArven fra skillingsvisene : Fra en sal pa? hospitalet til en sofa fra IKEA$92823119 997 $aUNINA